|
|
|
|
| LEADER |
00000ny a22000003n 4500 |
| 003 |
CaPaEBR |
| 005 |
20110623173846.0 |
| 006 |
m u |
| 007 |
cr cn||||||||| |
| 008 |
040429s2004 dcu sb 001 0 eng d |
| 020 |
|
|
|a 9780821357521
|
| 035 |
|
|
|a 2278
|
| 040 |
|
|
|a CaPaEBR
|c CaPaEBR
|d vlex
|
| 050 |
1 |
4 |
|a HJ7390
|b .C87 2004eb
|
| 082 |
0 |
4 |
|a 352.4/48
|2 22
|
| 090 |
|
|
|c 1099
|d 1099
|
| 245 |
0 |
0 |
|a Customs modernization initiatives
|h [Recurso electrn̤ico]
|b case studies /
|c edited by Luc de Wulf and Jos ̌B. Sokol
|
| 256 |
0 |
0 |
|a Servicio en ln̕ea
|
| 260 |
|
|
|a Washington, DC :
|b World Bank,
|c 2004
|
| 300 |
|
|
|a xiii, 132 p
|
| 504 |
|
|
|a Includes bibliographical references and index
|
| 506 |
1 |
|
|a Contenido solo disponible en los productos indicados
|d vLex Global
|d vLex Global (Academic Edition, excluding Law Schools)
|d vLex Global (U.S. Academic Edition, Law Schools)
|d vLex Global (U.S. Academic Edition, excluding Law Schools)
|d vLex Global (Academic Edition, Law Schools)
|
| 650 |
0 |
4 |
|a Aduanas
|x Gestin̤
|
| 700 |
1 |
|
|a Sokol, Jos ̌B
|
| 700 |
1 |
|
|a Wulf, Luc de,
|d 1942-
|
| 740 |
0 |
|
|a vLex Libros (Servicios en ln̕ea)
|
| 856 |
4 |
0 |
|u http://vlex.com/source/2278
|z Acceso restringido
|
| 942 |
|
|
|c BOOK
|
| 999 |
|
0 |
|a Customs administration
|z Developing countries
|
| 999 |
|
0 |
|a Expenditures, Public
|z Developing countries
|
| 999 |
|
0 |
|a Electronic books.
|